00436nam a2200181Ia 4500008004100000020001800041050001400059100001600073245004900089245001600138260001500154260001600169260000900185300001500194300002700209300001000236500000800246170918s9999 xx 000 0 und d a9780545398381 bW657 2011 aWight, Eric aFrankie pickle and the mathematical menace / cEric Wight. aNew York : bScholastic, c2011 a85 pages : bcolored illustration ; c19cm. a600